Poised for partnership : (Record no. 104516)

MARC details
000 -LEADER
fixed length control field 00769nam a22002177a 4500
005 - DATE AND TIME OF LATEST TRANSACTION
control field 20161108123541.0
010 ## - LCCN (DPL NO)
LC control number ENG-116479
020 ## - INTERNATIONAL STANDARD BOOK NUMBER
Terms of availability 895.00
International Standard Book Number 9780199466481
020 ## - INTERNATIONAL STANDARD BOOK NUMBER
Terms of availability 895.00
International Standard Book Number 0199466483
035 ## - SYSTEM CONTROL NUMBER
System control number EN-100011
037 ## - SOURCE OF ACQUISITION
Source of stock number/acquisition DBAD/PUB
082 ## - DEWEY DECIMAL CLASSIFICATION NUMBER
Classification number 337.54051
245 ## - TITLE STATEMENT
Title Poised for partnership :
Statement of responsibility, etc edited by Rohan Mukherjee [and] Anthony Yazaki
Remainder of title deepending India-Japan relations in the Asian century /
260 ## - PUBLICATION, DISTRIBUTION, ETC. (IMPRINT)
Place of publication, distribution, etc New Delhi
Name of publisher, distributor, etc Oxford University Press
Date of publication, distribution, etc 2016
270 ## - ADDRESS
Address YMCA Library Building, 1 Jai Singh Road,
City New Delhi
Postal code 110001
300 ## - PHYSICAL DESCRIPTION
Extent xIi,347p.
Dimensions 23cm(Hb)
500 ## - GENERAL NOTE
General note Includes bibliographical references and index
700 ## - ADDED ENTRY--PERSONAL NAME
Personal name Mukherjee, Rohan
700 ## - ADDED ENTRY--PERSONAL NAME
Personal name Yazaki, Anthony
942 ## - ADDED ENTRY ELEMENTS (KOHA)
Source of classification or shelving scheme Dewey Decimal Classification
Item type English Books
Call number suffix POI
Classification part 337.54051
Holdings
Withdrawn status Lost status Not for loan Collection code Home library Current library Date acquired Source of acquisition Cost, normal purchase price Full call number Barcode Copy number Cost, replacement price Koha item type
    Not For Loan Non-fiction D.B.Act.Division Bawana 08/11/2016 DBAD/PUB 895.00 337.54051 POI EN-100011 1 895.00 English Books

© Delhi Public Library
Hit Counter
free hit counter